Experimental astronomy (Record no. 3686)

MARC details
000 -LEADER
fixed length control field 00544nam a2200193Ia 4500
003 - CONTROL NUMBER IDENTIFIER
control field IN-BaIIA
008 - FIXED-LENGTH DATA ELEMENTS--GENERAL INFORMATION
fixed length control field 211028s9999 xx 000 0 eng d
020 ## - INTERNATIONAL STANDARD BOOK NUMBER
International Standard Book Number 90-277-0157-1
040 ## - CATALOGING SOURCE
Transcribing agency IIA Library
080 ## - UNIVERSAL DECIMAL CLASSIFICATION NUMBER
Universal Decimal Classification number 52(082.1)
Item number ASS-18
100 ## - MAIN ENTRY--PERSONAL NAME
Personal name Pecker, Jean-Claude
9 (RLIN) 6542
245 #0 - TITLE STATEMENT
Title Experimental astronomy
Statement of responsibility, etc. Jean-Claude Pecker
260 ## - PUBLICATION, DISTRIBUTION, ETC.
Place of publication, distribution, etc. Dordrecht
Name of publisher, distributor, etc. D. Reidel Publishing
Date of publication, distribution, etc. 1970
300 ## - PHYSICAL DESCRIPTION
Extent x, 105p.
490 ## - SERIES STATEMENT
Series statement Astrophysics and space science library; v. 18
650 ## - SUBJECT ADDED ENTRY--TOPICAL TERM
Topical term or geographic name entry element Astronomy
9 (RLIN) 80
650 ## - SUBJECT ADDED ENTRY--TOPICAL TERM
Topical term or geographic name entry element Astrophysics
9 (RLIN) 794
942 ## - ADDED ENTRY ELEMENTS (KOHA)
Koha item type Books
Holdings
Withdrawn status Lost status Damaged status Not for loan Home library Current library Shelving location Date acquired Cost, normal purchase price Total Checkouts Full call number Barcode Date last seen Cost, replacement price Price effective from Koha item type Purchase Price
        IIA Library-Bangalore IIA Library-Bangalore General Stacks 08/01/1971 58.80   52(082.1)/ ASS-18 4112 05/11/2021 58.80 08/01/1971 Books Rs. 58.80

Powered by Koha